| 000 | 00532nam a2200181Ia 4500 | ||
|---|---|---|---|
| 003 | GCL | ||
| 008 | 140319s9999 xx 000 0 ara d | ||
| 040 |
_aGCL / _cGCL |
||
| 082 | 0 | 4 |
_aق _b327.62 _bم ع |
| 100 | 1 | _aمحمد السعيد محمد الحسن | |
| 245 | 1 | 0 |
_aعبدالناصر والسودان / _cمحمد السعيد محمد الحسن |
| 260 |
_a[S.N] : _bميدلايت ، _c1992 |
||
| 300 | _a153 ص | ||
| 490 | _a | ||
| 650 | 0 | 4 | _aالسودان |
| 650 | 0 | 4 | _aجمال عبدالناصر |
| 942 |
_2ddc _cBK |
||
| 999 |
_c52745 _d52745 |
||